000 00935nas0a22002291i 4500
001 v19\rc\2057065
005 20260407005250.0
035 _a(NLR Aleph) 005134382
090 _a4740628
_c4740628
100 _a20081111d19081909|||y0rusy50 ca
101 0 _arus
102 _aRU
105 _ay z |||||
200 1 _a[Бюллетень]
_e№ [1]-3
_fТульск. губ. земство. Агр. отд.
210 _a[Тула
_d1908]-1909
540 1 _aБюллетень
710 0 2 _aТульская губ. земская управа
_bАгрономический отдел
_9489523
_3RU\NLR\AUTH\889996226
801 0 _aRU
_bNLR
_gpsbo
801 1 _aRU
_bProSoft-M
_2rusmarc
830 _aПеречень имеющихся в библиотеке томов, номеров, годов этого издания смотри в каталоге периодических изданий
852 _aNLR
_bЗем
_jП42/1
942 _cSE